000 01322cad a22002295a 4500
001 L142511
008 070711s2007 xxkd f s 000 0 eng d
035 _a(Sirsi) u142511
041 0 _aeng
050 0 4 _a333.337 $2 18
110 2 _aCB Richard Ellis
_93675
245 0 0 _aEMEA office market view
_bfourth quarter 2007
_h[electronic resource]
260 _a[S.l.]
_bCBRE
_c2007
490 0 _aEMEA Office Market View
_vFourth Quarter 2007
520 _aReports that demand continues to support prime office rents, but the rate of growth is slowing down. Finds that take up in Q4 was strong with local differences becoming more noticeable. Total 2007 take up was over 10 million square metres, in line with the 2006 total. Reports that the CB Richard Ellis EU-27 Rent Index increased by 1.1% in Q4, but that there is considerable variation in rental growth across the region. The CB Richard Ellis EU-27 Vacancy Rate Index fell to 6.80% in Q4. Concludes that upward yield movements are no longer confined to the UK.
590 _aKA
651 4 _aEurope
690 _aPROPERTY-COMMERCIAL PROPERTY-OFFICE PROPERTY-OFFICE PROPERTY MARKET
690 _aPROPERTY-COMMERCIAL PROPERTY-COMMERCIAL PROPERTY MARKET
856 4 0 _uhttps://www.cbre.co.uk
_zView the market view free of charge at www.cbre.co.uk...
942 _n0
999 _c107908
_d107908